00512nam a2200181Ia 450000500170000000800410001704000190005804100120007708200190008910000190010824500760012726000420020330000150024550400190026065000190027970000220029885000100032020221117112536.0131103s9999 xx 000 0 und d aLoreto College aEnglish a821.8bMOO-GOD aMoore, Thomas  4aThe Poetical works of Thomas MoorecThomas Moore; edited by A.D. Godley aLondonbOxford University Pressc1910 axxx,751p.  aIncludes index aEnglish poetry aGodley, A.D.; ed. aLCLIB